| 000 | 00813 a2200193 4500 | ||
|---|---|---|---|
| 999 |
_c4872 _d4872 |
||
| 020 | _a0313305943 (alk. paper) | ||
| 050 | 0 | 0 | _aPS3511 PEL 2000 |
| 100 | 1 |
_aDe Roche, Linda. _eauthor |
|
| 245 | 1 | 0 |
_aStudent companion to F. Scott Fitzgerald / _cLinda C. Pelzer. |
| 264 |
_aNew York : _bGreenwood Press, _c2000. |
||
| 300 | _ax, 165 p. ; | ||
| 440 | 0 | _aStudent companions to classic writers, | |
| 500 | _aStudent Companions to Classic Writers. | ||
| 504 | _aIncludes bibliographical references (p. [149]-159) and index. | ||
| 650 |
_aFiction _xLiterary criticism |
||
| 651 | _aAmerica | ||
| 942 |
_2lcc _cBK _h3511 _iPEL _kPS |
||